<?xml version="1.0" encoding="UTF-8"?>
<collection xmlns="http://www.loc.gov/MARC21/slim">
<record>
  <controlfield tag="001">160037</controlfield>
  <controlfield tag="005">20250520135454.0</controlfield>
  <datafield tag="037" ind1=" " ind2=" ">
    <subfield code="a">GDOC-2024-61454</subfield>
  </datafield>
  <datafield tag="970" ind1=" " ind2=" ">
    <subfield code="a">GDOC-2024-61454</subfield>
  </datafield>
  <datafield tag="041" ind1=" " ind2=" ">
    <subfield code="a">spa</subfield>
  </datafield>
  <datafield tag="041" ind1=" " ind2=" ">
    <subfield code="a">eng</subfield>
  </datafield>
  <datafield tag="540" ind1=" " ind2=" ">
    <subfield code="a">by-nc-sa</subfield>
    <subfield code="b">Creative Commons</subfield>
    <subfield code="c">3.0</subfield>
    <subfield code="u">http://creativecommons.org/licenses/by-nc-sa/3.0/</subfield>
  </datafield>
  <datafield tag="260" ind1=" " ind2=" ">
    <subfield code="a">Zaragoza</subfield>
    <subfield code="b">Universidad de Zaragoza</subfield>
    <subfield code="c">2024-2025</subfield>
  </datafield>
  <datafield tag="245" ind1="0" ind2="0">
    <subfield code="9">61454</subfield>
    <subfield code="a">Contabilidad superior</subfield>
  </datafield>
  <datafield tag="242" ind1="0" ind2="0">
    <subfield code="9">61454</subfield>
    <subfield code="a">Advanced Accountig</subfield>
  </datafield>
  <datafield tag="100" ind1=" " ind2=" ">
    <subfield code="0">(orcid)0000-0002-2897-1744</subfield>
    <subfield code="a">María Isabel Brusca, Alijarde</subfield>
    <subfield code="1">131489</subfield>
  </datafield>
  <datafield tag="700" ind1=" " ind2=" ">
    <subfield code="0">(orcid)0000-0003-1298-7183</subfield>
    <subfield code="a">Susana Callao, Gastón</subfield>
    <subfield code="1">144570</subfield>
  </datafield>
  <datafield tag="700" ind1=" " ind2=" ">
    <subfield code="0">(orcid)0000-0003-0334-192X</subfield>
    <subfield code="a">José Ignacio Jarne, Jarne</subfield>
    <subfield code="1">129664</subfield>
  </datafield>
  <datafield tag="700" ind1=" " ind2=" ">
    <subfield code="0">(orcid)0000-0003-3649-9125</subfield>
    <subfield code="a">José Antonio Laínez, Gadea</subfield>
    <subfield code="1">386751</subfield>
  </datafield>
  <datafield tag="700" ind1=" " ind2=" ">
    <subfield code="0">(orcid)0000-0001-8020-0229</subfield>
    <subfield code="a">Fernando Llena, Macarulla</subfield>
    <subfield code="1">128222</subfield>
  </datafield>
  <datafield tag="700" ind1=" " ind2=" ">
    <subfield code="0">(orcid)0000-0003-1619-8042</subfield>
    <subfield code="a">José Mariano Moneva, Abadía</subfield>
    <subfield code="1">122118</subfield>
  </datafield>
  <datafield tag="830" ind1=" " ind2=" ">
    <subfield code="9">545</subfield>
  </datafield>
  <datafield tag="856" ind1="4" ind2=" ">
    <subfield code="s">9468</subfield>
    <subfield code="u">http://zaguan.unizar.es/record/160037/files/guia-61454-en.pdf</subfield>
    <subfield code="y">Guide (english)</subfield>
  </datafield>
  <datafield tag="856" ind1="4" ind2=" ">
    <subfield code="s">9640</subfield>
    <subfield code="u">http://zaguan.unizar.es/record/160037/files/guia-61454-es.pdf</subfield>
    <subfield code="y">Guía (idioma español)</subfield>
  </datafield>
  <datafield tag="521" ind1=" " ind2=" ">
    <subfield code="9">690</subfield>
    <subfield code="a">Máster Universitario en Auditoría</subfield>
    <subfield code="b">Master's in Auditing</subfield>
  </datafield>
  <datafield tag="980" ind1=" " ind2=" ">
    <subfield code="a">GDOC</subfield>
    <subfield code="b">Ciencias Sociales y Jurídicas</subfield>
    <subfield code="b">Social Sciences and Law</subfield>
    <subfield code="c">109</subfield>
  </datafield>
</record>
</collection>